Normal view
MARC view
- Van Hecke, Gerald.R Karukstis, Kerry.K
Entry Personal Name
001 - CONTROL NUMBER
- control field: 80367
003 - CONTROL NUMBER IDENTIFIER
- control field: NUST
005 - DATE AND TIME OF LATEST TRANSACTION
- control field: 20210628210645.0
008 - FIXED-LENGTH DATA ELEMENTS
- fixed length control field: 210628|| aca||aabn | a|a d
040 ## - CATALOGING SOURCE
- Original cataloging agency: NUST
- Transcribing agency: NUST
100 ## - HEADING--PERSONAL NAME
- Personal name: Van Hecke, Gerald.R Karukstis, Kerry.K
670 ## - SOURCE DATA FOUND
- Source citation: Work cat.: (NUST): Van Hecke, Gerald.R Karukstis, Kerry.K, A guide to lasers in chemistry, 1998
